000 00608nam a2200169 i 4500
001 168469
003 ES-MaACL
005 20230906213812.0
008 080414s1874 fr |||| | fre d
080 _a821.133.1-2"18"
100 0 _aScribe, Eugène.
_9104966
245 1 0 _aOeuvres complétes de Eugène Scribe.
_n1er. série,
_pComédies, drames. 3.
260 _aParis :
_bE. Dentu,
_c1874.
300 _a472 p. ;
_c19 cm.
505 8 _aContiene: La Passion secrète - L'Ambitieux - La Camaraderie - Les Indépendants
852 _aES-MaACL
_jE-12247
_9R.190446
_z.- Biblioteca Jacinto Martínez Lacalle
999 _c168469
_d168469